От двора Его Императорского Величества объявляется: госпожам статс-дамам, камер-фрейлинам, гофмейстеринам, фрейлинам, господам придворным кавалерам и всем обоего пола особам, ко двору приезд имеющим... (Запись № 11515444)

Подробности
000 -МАРКЕР
контрольное поле 02651nam0a2200385 4500
001 - ИДЕНТИФИКАТОР ЗАПИСИ
контрольное поле RU\NLR\BIBL_A\012023824
005 - ИДЕНТИФИКАТОР ВЕРСИИ
контрольное поле 20260407113431.0
035 ## - ДРУГИЕ СИСТЕМНЫЕ НОМЕРА
Идентификатор записи (NLR Aleph) 012023824
100 ## - ДАННЫЕ ОБЩЕЙ ОБРАБОТКИ
Данные общей обработки 20190528d1896 |||y0rusy50 ca
101 0# - ЯЗЫК РЕСУРСА
Язык текста, звукозаписи и т.д. русский
102 ## - СТРАНА ПУБЛИКАЦИИ ИЛИ ПРОИЗВОДСТВА
Страна публикации российская федерация
105 ## - ПОЛЕ КОДИРОВАННЫХ ДАННЫХ: ТЕКСТОВЫЕ МАТЕРИАЛЫ, МОНОГРАФИЧЕСКИЕ
Кодированные данные о монографическом текстовом документе y|||z|||000zy
200 1# - ЗАГЛАВИЕ И СВЕДЕНИЯ ОБ ОТВЕТСТВЕННОСТИ
Основное заглавие От двора Его Императорского Величества объявляется: госпожам статс-дамам, камер-фрейлинам, гофмейстеринам, фрейлинам, господам придворным кавалерам и всем обоего пола особам, ко двору приезд имеющим...
Сведения, относящиеся к заглавию во вторник, 14 числа сего мая, быть Священному Коронованию
-- дамам быть в русском платье, кавалерам - в парадной форме. Кавалерам Ордена Св. Андрея Первозванного иметь на себе цепь сего ордена
210 ## - ПУБЛИКАЦИЯ, РАСПРОСТРАНЕНИЕ И ДР.
Место издания, распространения и т.д. [Санкт-Петербург]
Имя издателя, распространителя и т. д. Т-во скоропеч. А.А. Левенсон
Дата издания, распространения и т.д. 1896
215 ## - ФИЗИЧЕСКАЯ ХАРАКТЕРИСТИКА
Специфическое обозначение материала и объем [2] с.
Размеры 37
300 ## - ОБЩИЕ ПРИМЕЧАНИЯ
Текст примечания Текст начинается словами: Его Императорское Величество Высочайше повелеть соизволил...
300 ## - ОБЩИЕ ПРИМЕЧАНИЯ
Текст примечания В левом нижнем углу [2]-й с.: 11 мая 1896 г.
300 ## - ОБЩИЕ ПРИМЕЧАНИЯ
Текст примечания Под текстом: Камер-фурьер Герасимов
309 ## - ПРИМЕЧАНИЯ ОБ ОСНОВНОМ ИСТОЧНИКЕ ИНФОРМАЦИИ И ОБ ОСОБЕННОСТЯХ ПОЛИГРАФИЧЕСКОГО ОФОРМЛЕНИЯ ИЗДАНИЯ
Текст примечания Без тит. л. и обл.
309 ## - ПРИМЕЧАНИЯ ОБ ОСНОВНОМ ИСТОЧНИКЕ ИНФОРМАЦИИ И ОБ ОСОБЕННОСТЯХ ПОЛИГРАФИЧЕСКОГО ОФОРМЛЕНИЯ ИЗДАНИЯ
Текст примечания В правом верхнем углу: № 3-й
316 ## - ПРИМЕЧАНИЯ ОБ ОСОБЕННОСТЯХ ЭКЗЕМПЛЯРА
Текст примечания Правый угол изд. разорван без потери текста
Организация и экземпляр, к которому относится поле NLR
517 1# - ДРУГИЕ ВАРИАНТЫ ЗАГЛАВИЯ
Вариант заглавия Во вторник, 14 числа сего мая, быть Священному Коронованию
517 1# - ДРУГИЕ ВАРИАНТЫ ЗАГЛАВИЯ
Вариант заглавия Его Императорское Величество Высочайше повелеть соизволил...
606 1# - НАИМЕНОВАНИЕ ТЕМЫ КАК ПРЕДМЕТ
Наименование темы Законодательство
Географический подзаголовок Россия
Хронологический подзаголовок 19 в.
Системный номер авторитетной/нормативной записи 2536964
Идентификатор авторитетной/нормативной записи RU\NLR\AUTH\661502287
686 3# - ИНДЕКСЫ ДРУГИХ КЛАССИФИКАЦИЙ
Индекс Х2(2)51-3
702 #0 - ИМЯ ЛИЦА - ВТОРИЧНАЯ ОТВЕТСТВЕННОСТЬ
Код отношения Прочие
Материалы, к которым относится поле rus
Графика поля Кириллица
Начальный элемент ввода Николай
Дополнения к именам, кроме дат император российский
Римские цифры II
Даты 1868-1918
Идентификатор авторитетной/нормативной записи RU\NLR\AUTH\773750
Системный номер авторитетной/нормативной записи 113742
702 #1 - ИМЯ ЛИЦА - ВТОРИЧНАЯ ОТВЕТСТВЕННОСТЬ
Код отношения Прочие
Графика поля Кириллица
Материалы, к которым относится поле rus
Начальный элемент ввода Герасимов
Часть имени, кроме начального элемента ввода В. С.
Дополнения к именам, кроме дат камер-фурьер
Даты 19 в.
Системный номер авторитетной/нормативной записи 206357
Идентификатор авторитетной/нормативной записи RU\NLR\AUTH\770206409
710 01 - НАИМЕНОВАНИЕ ОРГАНИЗАЦИИ - ПЕРВИЧНАЯ ОТВЕТСТВЕННОСТЬ
Начальный элемент ввода Россия
Структурное подразделение Министерство Императорского двора и уделов
Идентификатор авторитетной/нормативной записи RU\NLR\AUTH\889943471
Системный номер авторитетной/нормативной записи 382087
852 ## - МЕСТОНАХОЖДЕНИЕ И ШИФР ХРАНЕНИЯ
Идентификатор организации NLR
Шифр хранения (Call Number) 18.394.1.65
942 ## - ДОПОЛНИТЕЛЬНЫЕ ЭЛЕМЕНТЫ ЗАПИСИ (АБИС)
Тип экземпляра АБИС Книга
980 ## - КОЛЛЕКЦИЯ
Название коллекции Национальная библиография
Экземпляры
Тип экземпляра Дата поступления Библиотека постоянного хранения Библиотека текущего хранения Место хранения Шифр хранения Штрих-код Статус не для выдачи
Книга 07.07.2023 РНБ (Садовая) РНБ (Садовая) Русский книжный фонд -Главное здание, Ленинский читальный зал 18.394.1.65 1-4547113  
Книга 07.07.2023 РНБ (Садовая) РНБ (Садовая) Русский книжный фонд -Главное здание, Ленинский читальный зал 18.394.1.65а 12023824-20